Lugosi Döme jelentése a Nemzeti Múzeum kézirattárában végzett munkálatairól 1927 /

Elmentve itt :
Bibliográfiai részletek
Szerző: Lugosi Döme
Dokumentumtípus: Könyv
Megjelent: 1927
Tárgyszavak:
Online Access:http://misc.bibl.u-szeged.hu/57867
LEADER 00638nam a2200181 i 4500
001 misc57867
005 20210525181344.0
008 210525s1927 hu o 0|| hun d
040 |a SZTE Miscellanea Repozitórium  |b hun 
041 |a hun 
100 1 |a Lugosi Döme 
245 1 0 |a Lugosi Döme jelentése a Nemzeti Múzeum kézirattárában végzett munkálatairól   |h [elektronikus dokumentum] :  |b 1927 /  |c  Lugosi Döme 
260 |c 1927 
300 |a 7 p. 
650 4 |a Bölcsészettudományok 
650 4 |a Nyelvek és irodalom 
650 4 |a Általános irodalomtudományok 
856 4 0 |u http://misc.bibl.u-szeged.hu/57867/1/d_0779.pdf  |z Dokumentum-elérés